000 00248nam a2200097Ia 4500
001 1253472
005 20251031150954.0
008 251031s9999 xx 000 0 und d
245 0 _cİSMAİL BİLGİN
_aV-13 TURGUT REİS
260 _bTİMAŞ YAYINLARI
999 _c1253472
_d1253472